Estadios de fútbol más grandes de Europa - Estadísticas

Estadísticas generales
  • Esta prueba ha sido intentada 1.056 veces
  • La puntuación promedio es 11 de 39
Estadísticas de respuestas
Capacidad País (federación) Estadio % Correcto
99 354 España Camp Nou
99%
81 044 España Santiago Bernabeu
94%
90 001 Inglaterra Wembley Stadium
80%
75 000 Alemania Allianz Arena
75%
68 456 España Civitas Metropolitano
71%
80 018 Italia Giuseppe Meazza
70%
75 731 Inglaterra Old Trafford
64%
54 074 Inglaterra Anfield
49%
53 331 España San Mamés
44%
80 645 Alemania Signal Iduna Park
43%
60 721 España Benito Villamarín
41%
55 097 Inglaterra Etihad Stadium
41%
72 700 Italia Olímpico de Roma
36%
60 432 Inglaterra Emirates Stadium
32%
52 000 Portugal Do Dragão
30%
57 613 España La Cartuja
30%
66 500 Portugal Da Luz
28%
81 338 Francia Stade de France
27%
74 400 Alemania Olímpico de Berlín
23%
67 394 Francia Stade Vélodrome
17%
54 990 Países Bajos Johan Cruyff Arena Amsterdam Arena
16%
62 062 Inglaterra Tottenham Hotspur Stadium
16%
70 050 Ucrania Olímpico de Kiev
15%
81 500 Rusia Olímpico Luzhnikí
12%
60 837 Escocia Celtic Park
9%
76 092 Turquía Olímpico Atatürk
9%
52 000 Portugal José Alvalade
8%
66 000 Inglaterra London Olympic Stadium
7%
60 713 España Olímpico Lluís Companys
7%
74 500 Gales Millennium Stadium
5%
52 500 Escocia Hampden Park
4%
69 270 Alemania Olímpico de Múnich
4%
60 440 Alemania Mercedes-Benz Arena
2%
59 186 Francia Parc Olympique Lyonnais
2%
61 975 Alemania Veltins-Arena
2%
70 000 Rusia Krestovski
1%
51 755 Serbia Rajko Mitic
1%
58 248 Italia San Nicola
1%
52 652 Turquia Türk Telekom Arena
1%
No se encontraron pruebas coincidentes
Distribución de puntuación
Porcentaje de gente con cada puntuación
Porcentaje por número respondido
Historial de tus puntuaciones
No has intentado esta prueba.